| 000 | 00430nam a22001697a 4500 | ||
|---|---|---|---|
| 003 | MPLRDC | ||
| 005 | 20220104150537.0 | ||
| 008 | 210129b ||||| |||| 00| 0 eng d | ||
| 082 | _a857.62 ZTTL v.4 c.2 | ||
| 100 | _a岛田一男等著 | ||
| 245 |
_a生还者 _c刘仲奇编译 |
||
| 260 |
_a _b天健出版社 _c |
||
| 300 | _b平 | ||
| 490 | _a侦探推理系列 | ||
| 650 | _a推理小说 | ||
| 942 |
_cBK _o857.62 ZTTL v.4 c.2 |
||
| 999 |
_c51921 _d51911 |
||